00535nam a2200193Ia 450000500170000000800410001702000180005804000180007604100080009408200230010210000210012524500480014625000120019426000380020630000280024465000330027265000230030565000130032820230207101428.0210716s2009 xx 000 0 und d a9788174467638 cAIMIT LIBRARY aeng a658.1511 21bBHAS aBhat, Sudhindra. aManagement accounting /cBy Sudhindra Bhat. a1st ed. aNew Delhi :bExcel Books ,c2009. aix,817p. ;bPBc27.5 cm aFinancial statement analysis aCost determination aPlanning